000 00630nam a2200193 a 4500
001 000026780
005 20240409073641.0
008 110325s1963 dr a 000 0 spa d
040 _aDO-SdBNP
_bspa
_cBNPHU
082 _a305.097293
_bD186g, 1963
100 1 _aDanilo, Diodoro
_92494
245 1 0 _aGuía social 1963-1964 /
_cDiodoro Danilo.
250 _a4a ed.
260 _aSanto Domingo :
_bMontalvo,
_c1963.
300 _a157 p. :
_bil. ;
_c25 cm.
650 4 _aClases sociales
_zRepública Dominicana
_xHistoria
_9413
651 4 _aRepública Dominicana
_xRegistros Sociales
_92495
910 _aValidado. Control de calidad BNPHU
999 _c26272
_d26272